| 000 | 00781nam a2200217Ia 4500 | ||
|---|---|---|---|
| 003 | GCL | ||
| 008 | 140319s9999 xx 000 0 ara d | ||
| 040 |
_aGCL / _cGCL |
||
| 082 | 0 | 4 |
_a327.560561 _bم ع |
| 100 | 1 | _aمعهد البحوث والدراسات العربية | |
| 245 | 1 | 0 |
_aالعلاقات العربية التركية من منظور تركى / _cمعهد البحوث والدراسات العربية |
| 260 |
_a[S.N] : _bمعهد البحوث والدراسات العربية ، _c1993 |
||
| 300 | _a367 ص | ||
| 490 | _a | ||
| 650 | 0 | 4 | _aالعصر الحديث |
| 650 | 0 | 4 | _aالعالم العربى |
| 650 | 0 | 4 | _aالعلاقات الخارجية |
| 650 | 0 | 4 | _aتركيا |
| 650 | 0 | 4 | _aالامبراطورية العثمانية |
| 942 |
_2ddc _cBK |
||
| 999 |
_c30504 _d30504 |
||